01132cam a22002771 4500001001300000003000400013005001700017008004100034010001700075035001900092040002600111050002200137051001700159082001100176100003700187245024100224260004800465300003800513410005600551500006200607504003000669650003700699650004200736700005900778999001700837gs 58000208 DLC20260227111406.0780715s1958 dcuab b f000 0 eng  ags 58000208  a(OCoLC)4055372 aDLCcOClUdOCoLCdDLC00aQE75b.P9 no. 308 aQE86.Y3bA63 a557.911 aAnderson, Charles Alfred,d1902-00aGeology and ore deposits of the Jerome area, Yavapoi County, Arizona,cby C. A. Anderson and S. C. Creasey. With sections on the United Verde Extension mine, by G. W. H. Norman, and on the Cherry Creek mining district, by R. E. Lehner. aWashington,bU.S. Govt. Print. Off.,c1958. avi, 185 p.billus., maps.c29 cm.20aGeological Survey (U.S.).tProfessional paper,v308 aPart of illustrative matter folded and colored in pocket. aBibliography: p. 178-181. 0aGeologyzArizonazYavapai County 0aOre depositszArizonazYavapai County1 aCreasey, S. C.q(Saville Cyrus),d1917-ejoint author. c29263d29263